000 00673nam a2200241Ia 4500
003 OSt
005 20220918180016.0
006 a|||||r|||| 00| 0
007 ta
008 220917b |||||||| |||| 00| 0 eng d
024 _a20,264
037 _cTextual
040 _aARTS
_cARTS
_beng
041 _2eng
_aeng
082 _aO111,3v, K4
100 _aAllen Walter
245 0 _aTradition and dream
_b The English and American novel from the 20s to our tome
260 _aLondon
_bPhoenix House UK
_c1964
300 _axxii;346p.
_ccm.
650 _aENGLISH LITERATURE
942 _hO111,3v, K4
_cTEXL
_2CC
999 _c159998
_d159998